LEADER 01054nam0-2200325---450- 001 990009235190403321 005 20101014131843.0 035 $a000923519 035 $aFED01000923519 035 $a(Aleph)000923519FED01 035 $a000923519 100 $a20101014d2008----km-y0itay50------ba 101 0 $aita 102 $aIT 105 $aa---a---001yy 200 1 $aSan Cataldo feste religiose$ftesti di Ignazio Emanuele Buttitta...[et.al.]$gfotografie di Santo Eduardo Di Miceli 210 $aPalermo$cFondazione Ignazio Buttitta$d2008 215 $a81 p., 46 p. di tav.$cill.$d21x30 cm. 225 1 $aMateriale per lo studio della cultura tradizionale$v1 610 0 $aFeste religiose,$aSan Cataldo (Caltanissetta) 676 $a394.266 702 1$aButtitta,$bIgnazio Emanuele 702 1$aDi Miceli,$bSanto Eduardo 801 0$aIT$bUNINA$gRICA$2UNIMARC 901 $aBK 912 $a990009235190403321 952 $a394.266 BUT 1$bBibl.60471$fFLFBC 959 $aFLFBC 996 $aSan Cataldo feste religiose$9773120 997 $aUNINA LEADER 00864nam0-22002771i-450- 001 990005689330403321 005 20050509130900.0 035 $a000568933 035 $aFED01000568933 035 $a(Aleph)000568933FED01 035 $a000568933 100 $a19990604d1981----km-y0itay50------ba 101 0 $aeng 105 $ay-------001yy 200 1 $a<>justice and the mare's ale$elaw and disorder in seventeenth-century England$fAlan Macfarlane$gin collaboration with Sarah Harrison 210 $aOxford$cBasil Blackwell$d1981 215 $aXII, 238 p.$d23 cm 700 1$aMacfarlane,$bAlan$0142722 702 1$aHarrison,$bSarah$f<1942- > 801 0$aIT$bUNINA$gRICA$2UNIMARC 901 $aBK 912 $a990005689330403321 952 $aB 2062$bBIBL. 60265$fFLFBC 959 $aFLFBC 996 $aJustice and the mare's ale$9294635 997 $aUNINA LEADER 01039nam a22002651i 4500 001 991001388459707536 005 20021220100040.0 008 021220s1975 it a||||||||||||||||ita 035 $ab12140223-39ule_inst 035 $aARCHE-023002$9ExL 040 $aDip.to Filologia Ling. e Lett.$bita$cA.t.i. Arché s.c.r.l. Pandora Sicilia s.r.l. 100 1 $aAlighieri, Dante$038904 245 10$aInferno :$bprefazione, cronologia dei tempi, della vita e delle opere di Dante, nota testuale e bibliografica /$cDante Alighieri 260 $aMilano :$bRizzoli,$c1975 300 $aLXXIX, 686 p. :$bill. ;$c18 cm 440 3$aLa divina Commedia ;$v1 440 0$aBUR.$pL 700 1 $aMattalia, Daniele 700 1 $aDoré, Gustave 907 $a.b12140223$b02-04-14$c01-04-03 912 $a991001388459707536 945 $aLE008 TS C IX 6$cV. 1$g1$i2008000381387$lle008$o-$pE0.00$q-$rl$s- $t0$u1$v0$w1$x0$y.i12464053$z01-04-03 996 $aDivina Commedia$914931 997 $aUNISALENTO 998 $ale008$b01-04-03$cm$da $e-$fita$git $h0$i1